[Event "Karl Mala Memorial op 10th"]
[Site "Griesheim"]
[Date "2006.07.23"]
[Round "7"]
[White "Specht, Thomas"]
[Black "Friedrich, Marius"]
[Result "1/2-1/2"]
[WhiteElo "1556"]
[BlackElo "1979"]
[PlyCount "35"]
[EventDate "2006.07.20"]
[EventType "swiss"]
[EventRounds "7"]
[EventCountry "GER"]
[SourceTitle "CBM 113 Extra"]
[Source "ChessBase"]
[SourceDate "2006.09.14"]
[SourceVersion "1"]
[SourceVersionDate "2006.09.14"]
[SourceQuality "1"]

1. d4 d5 2. c4 c6 3. Nf3 Nf6 4. Nc3 e6 5. e3 Nbd7 6. Bd3 dxc4 7. Bxc4 b5 8. Bd3 a6 9. e4 c5 10. e5 cxd4 11. Nxb5 axb5 12. exf6 gxf6 13. 0-0 Qb6 14. Be4 Bb7 15. Bxb7 Qxb7 16. Qxd4 Bc5 17. Qd3 Rd8 18. Qe2 1/2-1/2

[Event "Karl Mala Memorial op 10th"]
[Site "Griesheim"]
[Date "2006.07.22"]
[Round "5"]
[White "Nikfar, Surag"]
[Black "Friedrich, Marius"]
[Result "1/2-1/2"]
[WhiteElo "2083"]
[BlackElo "1979"]
[PlyCount "61"]
[EventDate "2006.07.20"]
[EventType "swiss"]
[EventRounds "7"]
[EventCountry "GER"]
[SourceTitle "CBM 113 Extra"]
[Source "ChessBase"]
[SourceDate "2006.09.14"]
[SourceVersion "1"]
[SourceVersionDate "2006.09.14"]
[SourceQuality "1"]

1. e4 e5 2. Nf3 Nc6 3. Bc4 Bc5 4. d3 h6 5. Nc3 Nf6 6. Na4 Bb4+ 7. c3 Be7 8. b4 a6 9. Nb2 0-0 10. h3 d5 11. exd5 Nxd5 12. Bd2 Bf5 13. 0-0 Bf6 14. Re1 b5 15. Bb3 Re8 16. Qc1 Qd7 17. a4 Rad8 18. axb5 axb5 19. Ra6 Nb6 20. c4 Bxd3 21. Nxd3 Qxd3 22. Re3 Qd7 23. cxb5 Ne7 24. Ra2 Qxb5 25. Ra5 Qd7 26. Raxe5 Ned5 27. Rxe8+ Rxe8 28. Rxe8+ Qxe8 29. Qc5 Qe4 30. Bc2 Qc4 31. Be1 1/2-1/2

[Event "Karl Mala Memorial op 10th"]
[Site "Griesheim"]
[Date "2006.07.20"]
[Round "1"]
[White "Kunz, Konstantin"]
[Black "Friedrich, Marius"]
[Result "1/2-1/2"]
[WhiteElo "2231"]
[BlackElo "1979"]
[PlyCount "114"]
[EventDate "2006.07.20"]
[EventType "swiss"]
[EventRounds "7"]
[EventCountry "GER"]
[SourceTitle "CBM 113 Extra"]
[Source "ChessBase"]
[SourceDate "2006.09.14"]
[SourceVersion "1"]
[SourceVersionDate "2006.09.14"]
[SourceQuality "1"]

1. d4 d5 2. c4 e6 3. Nc3 Nf6 4. Bg5 Nbd7 5. Nf3 c6 6. c5 Qa5 7. a3 Ne4 8. b4 Qc7 9. Nxe4 dxe4 10. Nd2 h6 11. Bh4 f5 12. e3 Nf6 13. Nc4 g5 14. Bg3 Qf7 15. Bd6 Be7 16. Ne5 Qg7 17. b5 Bd7 18. bxc6 Bxc6 19. Bc4 Bxd6 20. cxd6 Nd5 21. Qh5+ Kd8 22. 0-0 Rf8 23. Rac1 Rc8 24. Bxd5 exd5 25. f3 Bb5 26. Rxc8+ Kxc8 27. Rc1+ Kb8 28. Rc7 Qf6 29. Qg6 Qxg6 30. Nxg6 Rd8 31. Ne7 a6 32. Nxf5 exf3 33. gxf3 Bd3 34. Rf7 Bxf5 35. Rxf5 Rxd6 36. Kf2 Kc7 37. Kg3 b5 38. Kg4 a5 39. Rf7+ Kc6 40. Kf5 b4 41. axb4 axb4 42. Ra7 Kb6 43. Ra1 Kb5 44. Ke5 Rd8 45. e4 dxe4 46. fxe4 Re8+ 47. Kd5 Rd8+ 48. Ke5 Re8+ 49. Kf5 Rf8+ 50. Kg6 b3 51. e5 Kc6 52. e6 b2 53. Rb1 Kd6 54. d5 Rf2 55. Kxh6 g4 56. Kg5 Rxh2 57. Kxg4 Re2 1/2-1/2

[Event "DSSM WK2"]
[Site "Husum"]
[Date "2002.05.13"]
[Round "7.3"]
[White "Friedrich, Marius"]
[Black "Bruechert, Matthias"]
[Result "1-0"]
[WhiteElo "1500"]
[BlackElo "1554"]
[PlyCount "77"]
[EventDate "2002.05.10"]
[EventType "team"]
[EventRounds "7"]
[EventCountry "GER"]
[SourceTitle "CBM 088 Extra"]
[Source "ChessBase"]
[SourceDate "2002.07.01"]
[SourceVersion "2"]
[SourceVersionDate "2002.07.01"]
[SourceQuality "1"]

1. e4 e5 2. Nf3 Nc6 3. Bb5 a6 4. Ba4 d6 5. d4 b5 6. d5 bxa4 7. dxc6 Ne7 8. Nc3 Nxc6 9. h3 Be7 10. Nxa4 0-0 11. 0-0 Be6 12. Nc3 Re8 13. Nd5 Bxd5 14. exd5 Nb8 15. c4 Bf6 16. Nd2 Nd7 17. Ne4 h6 18. Be3 Rb8 19. Rb1 Be7 20. Qg4 Kh8 21. b3 Nf6 22. Nxf6 Bxf6 23. Kh1 Bg5 24. Rbe1 Bxe3 25. fxe3 Rf8 26. Rf2 Qg5 27. Qxg5 hxg5 28. Ref1 f6 29. e4 Kg8 30. Rb2 a5 31. Rfb1 Rb7 32. b4 axb4 33. Rxb4 Ra7 34. Rb7 Rxa2 35. Rxc7 Re2 36. Rbb7 Ra8 37. Rxg7+ Kf8 38. Rgf7+ Ke8 39. Rh7 1-0

[Event "Rheinland-ch H1"]
[Site "Mainz Laubenheim"]
[Date "2002.03.30"]
[Round "7.13"]
[White "Schneider, Felix"]
[Black "Friedrich, Marius"]
[Result "1/2-1/2"]
[WhiteElo "1637"]
[BlackElo "1500"]
[PlyCount "34"]
[EventDate "2002.03.23"]
[EventType "swiss"]
[EventRounds "7"]
[EventCountry "GER"]
[SourceTitle "EXT 2003"]
[Source "ChessBase"]
[SourceDate "2002.11.25"]
[SourceVersion "1"]
[SourceVersionDate "2002.11.25"]
[SourceQuality "1"]

1. d4 d5 2. c4 e6 3. Nc3 c6 4. e3 Nf6 5. Nf3 Nbd7 6. a3 a6 7. b4 b5 8. cxd5 cxd5 9. Bd3 Be7 10. 0-0 0-0 11. Qb3 Nb6 12. a4 bxa4 13. Nxa4 Nxa4 14. Rxa4 Bb7 15. Bd2 Qb6 16. Rfa1 Ne4 17. Be1 Nd6 1/2-1/2

[Event "SJRP-ch U14"]
[Site "Germany"]
[Date "2001.04.21"]
[Round "7"]
[White "Friedrich, Marius"]
[Black "Armbrust, Florian"]
[Result "0-1"]
[WhiteElo "1483"]
[BlackElo "1770"]
[PlyCount "88"]
[EventDate "2001.??.??"]
[EventType "tourn"]
[EventRounds "7"]
[EventCountry "GER"]
[SourceTitle "EXT 2003"]
[Source "ChessBase"]
[SourceDate "2002.11.25"]
[SourceVersion "1"]
[SourceVersionDate "2002.11.25"]
[SourceQuality "1"]

1. e4 c5 2. Nf3 d6 3. c3 Nf6 4. Qc2 Qc7 5. Be2 g6 6. d3 Bg7 7. Bf4 Nbd7 8. 0-0 0-0 9. Nbd2 b5 10. Rfc1 Bb7 11. d4 a6 12. e5 dxe5 13. Bxe5 Nxe5 14. Nxe5 Rac8 15. Nef3 cxd4 16. Nxd4 e5 17. Nxb5 axb5 18. Bxb5 Bxg2 19. Kxg2 Qb7+ 20. Kg1 Qxb5 21. a4 Qd7 22. a5 Qh3 23. Nf1 Bh6 24. Rd1 e4 25. Ra3 Rc5 26. c4 e3 27. fxe3 Qg4+ 28. Kf2 Ne4+ 29. Ke1 Qh4+ 30. Ng3 Nxg3 31. hxg3 Qh1+ 32. Kd2 Rd8+ 33. Rd3 Qg2+ 34. Kc1 Qxc2+ 35. Kxc2 Rxc4+ 36. Kb3 Rxd3+ 37. Rxd3 Re4 38. a6 Rxe3 39. Kc4 Re7 40. b4 Be3 41. b5 Ba7 42. Rd6 Re4+ 43. Kd5 Ra4 44. Kc6 Kg7 0-1

[Event "SJRH-ch U14"]
[Site "Worms"]
[Date "2001.01.02"]
[Round "1"]
[White "Friedrich, Marius"]
[Black "Gaubatz, Sven Marc"]
[Result "1-0"]
[WhiteElo "1422"]
[BlackElo "800"]
[PlyCount "37"]
[EventDate "2001.02.??"]
[EventType "swiss"]
[EventRounds "7"]
[EventCountry "GER"]
[SourceTitle "EXT 2003"]
[Source "ChessBase"]
[SourceDate "2002.11.25"]
[SourceVersion "1"]
[SourceVersionDate "2002.11.25"]
[SourceQuality "1"]

1. e4 c5 2. Nf3 d6 3. d4 cxd4 4. Nxd4 Nf6 5. Nc3 g6 6. Be3 Bg7 7. Be2 0-0 8. 0-0 Nc6 9. f3 Nd7 10. Qd2 Qb6 11. Nxc6 Bxc3 12. Nxe7+ Kg7 13. Qxc3+ Nf6 14. Bxb6 axb6 15. Nd5 Kh6 16. Qxf6 Be6 17. f4 Rae8 18. Bd3 Kh5 19. Qg5# 1-0